| 000 | 01657nam a2200349Ia 4500 | ||
|---|---|---|---|
| 001 | 18826 | ||
| 003 | IT-RoPAU | ||
| 008 | 130308s9999 xx 000 0 und d | ||
| 040 | _aIT-RoPAU | ||
| 040 | _cIT-RoPAU | ||
| 041 | _aITALIANO | ||
| 100 | _aLakoff George | ||
| 100 | _gCodice Aut. SPICS: 12536 | ||
| 240 | _aMETAPHORS WE LIVE BY | ||
| 240 | _gCodice Tit. Orig. Spics: T0812 | ||
| 245 | _aMetafora e vita quotidiana | ||
| 245 | _bMetafora e Vita Quotidiana | ||
| 250 | _a1a ed. | ||
| 260 | _aROMA | ||
| 260 | _bEspresso Strumenti | ||
| 260 | _c1982 [1° Ed.:1982 - Ed.Ling.Originale:1980] | ||
| 300 | _a"264 p. (prefazione: no ; testo: 264)" | ||
| 500 | _aConcetti con Cui Viviamo Sistematicità dei Concetti Metaforici Sistematicità metaforica mettere in Luce e Nascondere metafore di Orientamento Metafora e Coerenza Culturale metafore Ontologiche Personificazione Metonimia Critiche Alla Coerenza metaforica Natura Parziale della Strutturazione metaforica Come è Fondato Il Nostro Sistema concettuale basi delle metafore Strutturali Causalità Strutturazione Coerente dell'Esperienza Coerenza metaforica Definizione e Comprensione Come la Metafora Puo' Dare Significato Alla Forma Creazione della Similarità Metafora Verità e Azione Mito dell'Oggettivismo e del soggettivismo Oggettivismo nella Filosofia e Linguistica Occidentale Limiti dell'Oggettivismo Insufficienze del Mito del soggettivismo Comprensione | ||
| 650 | _aLOGICA FILOSOFICA | ||
| 650 | _eCodice materia Spics: 3151 | ||
| 700 | _aJohnson Mark | ||
| 700 | _gCodice Aut. SPICS: 12537 | ||
| 942 | _cBK | ||
| 957 | _71 | ||
| 999 |
_c65463 _d65463 |
||
| 999 | _bSI | ||
| 999 | _g1 | ||